دراسة حول زيادة و تحسين الإستفادة من نظم الري الحديثة / (رقم التسجيلة. 90072)

تفاصيل مارك
000 -LEADER
fixed length control field 00567nam a22001697a 4500
005 - DATE AND TIME OF LATEST TRANSACTION
control field 20251108172842.0
008 - FIXED-LENGTH DATA ELEMENTS--GENERAL INFORMATION
fixed length control field 250721s1998 xx 000 0 ara d
082 14 - DEWEY DECIMAL CLASSIFICATION NUMBER
Classification number 631.7/ندو
245 10 - TITLE STATEMENT
Title دراسة حول زيادة و تحسين الإستفادة من نظم الري الحديثة /
264 1# - PRODUCTION, PUBLICATION, DISTRIBUTION, MANUFACTURE, AND COPYRIGHT NOTICE
Place of production, publication, distribution, manufacture الخرطوم :
Name of producer, publisher, distributor, manufacturer جامعة الدول العربية،
Date of production, publication, distribution, manufacture, or copyright notice 1998.
300 ## - PHYSICAL DESCRIPTION
Extent 127 ص
650 17 - SUBJECT ADDED ENTRY--TOPICAL TERM
Topical term or geographic name as entry element الري
650 17 - SUBJECT ADDED ENTRY--TOPICAL TERM
Topical term or geographic name as entry element الأنظمة
710 2# - ADDED ENTRY--CORPORATE NAME
Corporate name or jurisdiction name as entry element المنظمة العربية للتنمية الزراعية
942 ## - ADDED ENTRY ELEMENTS (KOHA)
Source of classification or shelving scheme Dewey Decimal Classification
Koha item type كتب
المقتنيات
حالة السحب حالة الفقدان مصدر التصنيف حالة التلف غير قابل للإعارة المكتبة الرئيسية المكتبة الحالية موقع الرف تاريخ التزويد الرقم المتسلسل Total Checkouts رقم الإستدعاء الباركود تاريخ آخر ظهور تاريخ الفاتورة نوع المادة (كوها)
    Dewey Decimal Classification     المكتبة المركزية المكتبة المركزية الإعارة 28/07/2025 758905   631.7/ندو 758905 28/07/2025 28/07/2025 كتب
Implemented & Customized by: BBB with SCIT (Smart Chains for Information Technology)

Powered by Koha